Swedish Brand Logos #1 - Statistics

General Stats
  • This quiz has been taken 100 times
  • The average score is 10 of 20
Answer Stats
Picture Answer % Correct
Spotify
100%
Volvo
71%
Fjällräven
70%
Husqvarna
63%
SJ
63%
Filmstaden
62%
Swish
62%
Preem
60%
Akademibokhandeln
59%
Scania
59%
Swedbank
59%
Telenor
55%
Vattenfall
52%
Clas Ohlson
49%
Ericsson
47%
Pressbyrån
44%
Mathem
29%
Tiger of Sweden
27%
AstraZeneca
14%
Lundby
1%
No matching quizzes found
Score Distribution
Percent of People with Each Score
Percentile by Number Answered
Your Score History
You have not taken this quiz